It looks like you're offline.
Open Library logo
additional options menu

MARC record from Internet Archive

LEADER: 00988cam a2200265 a 4500
001 96047886
003 DLC
005 20150226075901.0
008 961101s1997 enkag bk 001 0 eng
010 $a 96047886
020 $a0521453771 (hardcover)
020 $a0521459796 (pbk.)
040 $aDLC$cDLC$dDLC
050 00 $aML410.M77$bW44 1997
082 00 $a782.32/4$221
100 1 $aWhenham, John.
245 10 $aMonteverdi, Vespers (1610) /$cJohn Whenham.
260 $aCambridge ;$aNew York :$bCambridge University Press,$c1997.
300 $aviii, 140 p. :$bill., music ;$c23 cm.
440 0 $aCambridge music handbooks
504 $aDiscography: p. 134-136.
504 $aIncludes bibliographical references (p. 130-133) and index.
600 10 $aMonteverdi, Claudio,$d1567-1643.$tVespro della Beata Vergine.
856 42 $3Publisher description$uhttp://www.loc.gov/catdir/description/cam028/96047886.html
856 41 $3Table of contents$uhttp://www.loc.gov/catdir/toc/cam024/96047886.html